00622nam a2200157Ia 4500008004100000100002100041245007900062245008200141260005300223260000900276300001100285650001500296856006100311999001900372952007300391170221s9999 xx 000 0 und d aVera P. Samarina aSome Problems of Anti-recessionary Public Management in Russia at Present  cVera P. Samarina, Tatiana P. Skufina, Aleksandr V. Samarin, Sergey V. Baranov bInternational Review of Management and Marketing c2016 a6 : 6S xMarketing. uhttp://www.econjournals.com/index.php/irmm/issue/view/86 c308478d308478 001040aCLbCLd2017-02-21l0r2017-02-21 00:00:00w2017-02-21yFOJ